000 00429 a2200157 4500
005 20260407145935.0
008 260407b |||||||| |||| 00| 0 eng d
020 _a9789364870931
080 _aFM
_bVAS/T
100 _aVasudhendra
245 _aTejo Tungabhadra(തേജോ തുംഗഭദ്ര)
260 _bD C books
_aKottayam
_c2025
300 _a432p.
653 _aFiction-Novel-Malayalam Literature
942 _cBK
999 _c115253
_d115252